| 000 | 02849ncm0a2200457 4500 | ||
|---|---|---|---|
| 001 | RU\NLR\ONIZ\298141 | ||
| 005 | 20260315072844.0 | ||
| 035 | _a(NLR Aleph) 022751050 | ||
| 071 | 2 | 0 | _aМ. 12024 Г. |
| 071 | 2 | 0 | _aU. 10109 E. |
| 090 |
_a13634942 _c13634942 |
||
| 100 | _a20230522d1931 u y0rusy50 ca | ||
| 101 | 0 | _arus | |
| 102 |
_aRU _aAT _aDE |
||
| 125 | _aa| | ||
| 128 | _apg | ||
| 145 | 0 | _ab | |
| 200 | 1 |
_aКартинки с выставки _bНоты _dTableaux d'une exposition _eдля фортепиано _zfre _fМ. Мусоргский _gредакция П. Ламма |
|
| 203 |
_aМузыка _bзнаковая _bвизуальная _cнепосредственная |
||
| 210 |
_aМосква _cГосударственное музыкальное издательство _aWien _aLeipzig _cUniversal-Edition A. G. _d1931 |
||
| 215 |
_a42 с. _d32 см |
||
| 225 | 1 |
_aПолное собрание сочинений _fМ. Мусоргский ; редакция П. Ламм[а] _vт. 8, вып. 2 |
|
| 300 | _aПубликация цикла М. Мусоргского было приурочено к 50-летию со дня его смерти | ||
| 300 | _aПредисл. П. Ламма: с. 3-4 | ||
| 313 | _aСистематизация документа проведена по изданию - Методика классифицирования музыкальных произведений (нотных изданий) по таблицам Библиотечно-библиографических классификаций : метод. рекомендации / Гос. б-ка СССР им. В.И. Ленина.- М., 1977. Индексу ББК методических рекомендаций присваивается код ББК для научных библиотек - LBC/SL | ||
| 606 | 1 |
_aФортепианная музыка русская _z19 в. _jНоты _2nlr_sh |
|
| 606 | 1 |
_aМузыкальные произведения для фортепиано _yРоссия _z19 в. _jНоты _2nlr_sh |
|
| 606 | 1 |
_aЦиклы характерных и лирических пьес для фортепиано _yРоссия _z19-20 вв. _jНоты _2nlr_sh |
|
| 686 | 0 | _aЩ954.2-054(28) | |
| 700 | 1 |
_9z01790 _aМусоргский _bМ. П. _f1839-1881 _gМодест Петрович _4230 _7ca |
|
| 702 | 1 |
_9z02790 _aЛамм _bП. А. _f1882-1951 _gПавел Александрович _4340 _4080 _7ca |
|
| 790 | 1 |
_9z01700 _aMusorgskij _bM. P. _f1839-1881 _gModest Petrovič _4230 _7ba |
|
| 790 | 1 |
_9z02702 _aLamm _bP. A. _f1882-1951 _gPavel Aleksandrovič _4340 _4080 _7ba |
|
| 801 | 0 |
_aRU _bNLR _c20230522 _gPSBO |
|
| 801 | 1 |
_aRU _bNLR _c20230522 _2rusmarc |
|
| 801 | 2 |
_aRU _bNLR _c20230522 |
|
| 852 |
_aNLR _jМ К-4/6469 _m273945 _t1 |
||
| 942 | _cSCORE | ||
| 980 | _aONIZ | ||
| 980 | _aNB | ||